Guillermo Hudson /

Guardado en:
Autor Corporativo: Canal Encuentro.
Formato: Deslizar
Series:Naturalistas Viajeros
Materias:
Etiquetas: Agregar Etiqueta
Sin Etiquetas, Sea el primero en etiquetar este registro!
LEADER 00838ngm a22002175g 4500
001 CEM.cems022981
008 130507b2010##################0###0#####d
005 20241128150817.0
245 1 0 |a Guillermo Hudson /  |c Canal Encuentro. 
300 |a 30'. 
490 0 |a Naturalistas Viajeros 
500 |a En soporte VHS, consultar en ventanilla. 
505 0 |a Biografía de Guillermo Hudson. El estudio de los pájaros. Aves migratorias en la provincia de Buenos Aires. Sus esfuerzos para la protección de las aves. 
538 |a Soporte: VHS - Norma: Pal N - Color: Si - Grabación DRD 2010 - Hitachi=3630 
110 2 |a Canal Encuentro. 
082 9 1 |/ AME 
653 |a GEOGRAFIA 
653 |a HUDSON, GUILLERMO 
653 |a NIVEL PRIMARIO 
653 |a NIVEL SECUNDARIO 
859 |a CEMS  |b BIB. CEMS - Depto. Recursos Didacticos  |h 910  |i AME  |k DRD  |p 1624.12  |t Ej.1